书目信息 |
| 题名: |
黎曼几何选讲
|
|
| 作者: | 伍鸿熙 陈维桓 著 | |
| 分册: | ||
| 出版信息: | 北京 北京大学出版社 1993.06 |
|
| 页数: | 233页 | |
| 开本: | 32开 | |
| 丛书名: | ||
| 单 册: | ||
| 中图分类: | O186.12 | |
| 科图分类: | ||
| 主题词: | 几何 , 拓扑 | |
| 电子资源: | ||
| ISBN: | 7-301-02081-3 | |
| 000 | 00580nam0 2200205 45 | |
| 001 | 0007290905 | |
| 005 | 20000729100524.4 | |
| 010 | @a7-301-02081-3@d12.00元 | |
| 100 | @a20000729d1993 km y0chiy0120 ea | |
| 101 | 0 | @achi |
| 105 | @a z 000yy | |
| 200 | 1 | @a黎曼几何选讲@ALi Man Ji He Xuan Jiang@f伍鸿熙 陈维桓著@FWu Hong Xi Chen Wei Huan Zhu |
| 210 | @a北京@c北京大学出版社@d1993.06 | |
| 215 | @a233页@d32开 | |
| 606 | 0 | @a几何 |
| 606 | 0 | @a拓扑 |
| 690 | @aO186.12@v3 | |
| 701 | 0 | @a伍鸿熙 陈维桓@4著 |
| 801 | @aCN@bPftUser@c20000729 | |
| 905 | @b81569-573@dO186.12@eW888@f5 | |
| 黎曼几何选讲/伍鸿熙 陈维桓著.-北京:北京大学出版社,1993.06 |
| 233页;32开 |
| ISBN 7-301-02081-3:12.00元 |
| ● |
| 相关链接 |
|
|
|
正题名:黎曼几何选讲
索取号:O186.12/W888
 
预约/预借
| 序号 | 登录号 | 条形码 | 馆藏地/架位号 | 状态 | 备注 |
| 1 | 81569 | 200815699 | 自科二线504/504自科库 49排2列5层/ [索取号:O186.12/W888] | 在馆 | |
| 2 | 81570 | 200815706 | 自科二线504/504自科库 49排2列5层/ [索取号:O186.12/W888] | 在馆 | |
| 3 | 81571 | 200815715 | 自科二线504/504自科库 49排2列5层/ [索取号:O186.12/W888] | 在馆 | |
| 4 | 81572 | 200815724 | 自科二线504/504自科库 49排2列5层/ [索取号:O186.12/W888] | 在馆 | |
| 5 | 81573 | 200815733 | 自科二线504/504自科库 49排2列5层/ [索取号:O186.12/W888] | 在馆 |